Lover To Lover Lyrics (Florence + the Machine) - Statistics

General Stats
  • This quiz has been taken 99 times
  • The average score is 172 of 229
Answer Stats
Lyrics % Correct
to
98%
lover
97%
and
95%
I
95%
the
86%
black
85%
me
83%
no
83%
for
81%
red
81%
but
80%
been
78%
I'm
78%
I've
78%
my
78%
now
78%
believe
76%
down
75%
from
75%
there's
75%
alright
73%
myself
73%
keepin'
71%
losin'
71%
that's
71%
sleep
69%
days
68%
heading
68%
going
66%
salvation
66%
awake
64%
heart
64%
feel
63%
space
59%
taking
58%
chances
56%
clouds
56%
keeping
56%
up
56%
wandering
56%
among
54%
secrets
54%
soul
54%
streets
51%
back
47%
oh
29%
fall
27%
more
24%
setting
24%
row
19%
if
15%
seen
12%
No matching quizzes found
Score Distribution
Percent of People with Each Score
Percentile by Number Answered
Your Score History
You have not taken this quiz